000 00817nam a2200241Ia 4500
003 IN-BaIIA
008 211028s9999 xx 000 0 eng d
020 _a978-1-4020-4838-8
040 _cIIA Library
080 _a52
_bFUN
245 0 _aFundamental questions in astrophysics
_bguidelines for future UV observatories
_cedited by Ana I. Gomez de castro and Willem Wamsteker
260 _aBerlin
_bSpringer
_c2006
300 _a170p.
490 _aAstrophysics and space science; v. 303
650 _aAstrophysics
_9794
650 _aFundamental
_930332
650 _aScience
_91299
650 _aUltraviolet astronomy
_96323
650 _aUV Observatories
_930333
700 _aGomez de castro, Ana I., ed.
_930334
700 _aWamsteker, Willem, ed.
_930335
942 _cBK
999 _c16372
_d16372